[Event "Biatorbagy Gal Memorial 1st"]
[Site "Biatorbagy"]
[Date "2013.01.25"]
[Round "6"]
[White "Lantos, Attila"]
[Black "Palotas, Peter"]
[Result "0-1"]
[WhiteElo "2015"]
[BlackElo "2018"]
[PlyCount "73"]
[EventDate "2012.11.30"]
[EventType "swiss"]
[EventRounds "7"]
[EventCountry "HUN"]
[SourceTitle "EXT 2014"]
[Source "ChessBase"]
[SourceDate "2013.11.20"]
[SourceVersion "1"]
[SourceVersionDate "2013.11.20"]
[SourceQuality "1"]

1. e4 c5 2. Nf3 e6 3. g3 Nc6 4. Bg2 Qc7 5. Nc3 a6 6. 0-0 Nf6 7. d3 b5 8. a3 Bb7 9. Re1 d6 10. Nh4 g6 11. f4 Bg7 12. Nf3 Nd7 13. Rb1 Rc8 14. Ne2 0-0 15. h4 f5 16. Ng5 Rce8 17. exf5 gxf5 18. c3 h6 19. Nf3 e5 20. h5 Nf6 21. fxe5 Nxe5 22. Nxe5 dxe5 23. Be3 Bxg2 24. Kxg2 Qc6+ 25. Kh3 Nxh5 26. Rg1 f4 27. Bf2 Rd8 28. Nxf4 Nxf4+ 29. gxf4 Rxf4 30. Bg3 Rf3 31. d4 exd4 32. Kh2 Qf6 33. Qe2 d3 34. Qe4 Qf5 35. Rbe1 Kh8 36. Qe7 Bf6 37. Qc7 0-1

[Event "Biatorbagy Gal Memorial 1st"]
[Site "Biatorbagy"]
[Date "2013.01.18"]
[Round "5"]
[White "Palotas, Peter"]
[Black "Potoczky, Andras"]
[Result "1-0"]
[WhiteElo "2018"]
[BlackElo "1605"]
[PlyCount "111"]
[EventDate "2012.11.30"]
[EventType "swiss"]
[EventRounds "7"]
[EventCountry "HUN"]
[SourceTitle "EXT 2014"]
[Source "ChessBase"]
[SourceDate "2013.11.20"]
[SourceVersion "1"]
[SourceVersionDate "2013.11.20"]
[SourceQuality "1"]

1. d4 d5 2. c4 c6 3. e3 Nf6 4. Nf3 Bg4 5. Nc3 e6 6. Be2 Bxf3 7. Bxf3 dxc4 8. Qe2 Nbd7 9. Qxc4 Bd6 10. 0-0 0-0 11. Rd1 Rc8 12. e4 Nb6 13. Qe2 Bb8 14. Bg5 Qc7 15. g3 Nbd7 16. Rac1 Qa5 17. Bf4 Bxf4 18. gxf4 Rfd8 19. a3 Nf8 20. Qe3 Ng6 21. Ne2 Rd7 22. Ng3 Rcd8 23. Rd2 Nh4 24. Bh1 Qb6 25. Rcd1 Ng6 26. f5 exf5 27. Nxf5 Qc7 28. Qg3 Qf4 29. Qxf4 Nxf4 30. e5 N6d5 31. Nd6 f6 32. Be4 Ne6 33. Bxd5 cxd5 34. Re1 a6 35. Kg2 g6 36. Kg3 Ng5 37. f4 Nf7 38. Nxf7 Rxf7 39. Rc1 f5 40. Rdc2 Re7 41. Rc8 Rxc8 42. Rxc8+ Kf7 43. Rd8 Rc7 44. Rxd5 Ke7 45. Rc5 Rxc5 46. dxc5 Ke6 47. h4 a5 48. b4 axb4 49. axb4 h5 50. Kf3 Kd5 51. Ke3 Ke6 52. Kd4 Ke7 53. Kd5 Kd7 54. b5 Ke7 55. c6 b6 56. e6 1-0

[Event "Biatorbagy Gal Memorial 1st"]
[Site "Biatorbagy"]
[Date "2013.01.11"]
[Round "4"]
[White "Felmery, Tamas"]
[Black "Palotas, Peter"]
[Result "1-0"]
[WhiteElo "1768"]
[BlackElo "2018"]
[PlyCount "39"]
[EventDate "2012.11.30"]
[EventType "swiss"]
[EventRounds "7"]
[EventCountry "HUN"]
[SourceTitle "EXT 2014"]
[Source "ChessBase"]
[SourceDate "2013.11.20"]
[SourceVersion "1"]
[SourceVersionDate "2013.11.20"]
[SourceQuality "1"]

1. d4 Nf6 2. c4 e6 3. Nc3 d5 4. e3 Be7 5. Nf3 0-0 6. cxd5 exd5 7. h3 Bf5 8. Nh4 Be4 9. Nxe4 Nxe4 10. Nf3 c6 11. Bd2 Nd7 12. Bd3 f5 13. 0-0 g5 14. Nh2 Bd6 15. Bxe4 fxe4 16. Qg4 h6 17. Qe6+ Rf7 18. Qxd6 Rf6 19. Qg3 Rg6 20. f4 1-0

[Event "Biatorbagy Gal Memorial 1st"]
[Site "Biatorbagy"]
[Date "2012.11.30"]
[Round "1"]
[White "Palotas, Peter"]
[Black "Labancz, Janos"]
[Result "1-0"]
[WhiteElo "2018"]
[BlackElo "1702"]
[PlyCount "53"]
[EventDate "2012.11.30"]
[EventType "swiss"]
[EventRounds "7"]
[EventCountry "HUN"]
[SourceTitle "EXT 2014"]
[Source "ChessBase"]
[SourceDate "2013.11.20"]
[SourceVersion "1"]
[SourceVersionDate "2013.11.20"]
[SourceQuality "1"]

1. d4 d5 2. c4 e6 3. Nf3 Nf6 4. Bg5 Be7 5. Nc3 c6 6. e3 h6 7. Bh4 b6 8. Ne5 Bb7 9. cxd5 exd5 10. Qa4 0-0 11. b4 Qc7 12. Rc1 Qd6 13. a3 Nbd7 14. Bg3 Qe6 15. Ne2 Nxe5 16. dxe5 Ng4 17. Nd4 Qg6 18. Nxc6 Bxc6 19. Qxc6 Qe4 20. Qc2 Rac8 21. Qxc8 Rxc8 22. Rxc8+ Kh7 23. Kd2 d4 24. Bd3 dxe3+ 25. Kc2 Qxd3+ 26. Kxd3 exf2 27. h3 1-0

[Event "HUN-chT2 Breyer 1213"]
[Site "Hungary"]
[Date "2012.11.04"]
[Round "3.9"]
[White "Palotas, Peter"]
[Black "Szendeff, Miklos"]
[Result "0-1"]
[WhiteElo "2018"]
[BlackElo "1798"]
[PlyCount "67"]
[EventDate "2012.09.16"]
[EventType "team-tourn"]
[EventRounds "11"]
[EventCountry "HUN"]
[SourceTitle "EXT 2014"]
[Source "ChessBase"]
[SourceDate "2013.11.20"]
[SourceVersion "1"]
[SourceVersionDate "2013.11.20"]
[SourceQuality "1"]
[WhiteTeam "Torokbalint"]
[BlackTeam "Zsambek"]
[WhiteTeamCountry "HUN"]
[BlackTeamCountry "HUN"]

1. d4 g6 2. c4 Bg7 3. Nc3 d6 4. g3 Nd7 5. Bg2 Ngf6 6. Nf3 0-0 7. 0-0 c5 8. d5 a6 9. Ne1 Rb8 10. a4 Nb6 11. Qd3 Nfd7 12. b3 f5 13. Rb1 Nf6 14. Bb2 Nbd7 15. f4 Re8 16. Nf3 Qc7 17. Ng5 Nf8 18. Rbd1 Bd7 19. Qb1 b5 20. axb5 axb5 21. Qc2 bxc4 22. bxc4 Ng4 23. Rd3 Bd4+ 24. Rxd4 cxd4 25. Nd1 Rec8 26. h3 Nf6 27. Bxd4 Qxc4 28. Qxc4 Rxc4 29. Nf3 Ne4 30. Nb2 Rc2 31. Ne1 Rcxb2 32. Bxb2 Rxb2 33. Bf3 Nxg3 34. Nd3 0-1

[Event "HUN-chT2 Breyer 1213"]
[Site "Hungary"]
[Date "2012.09.16"]
[Round "1.10"]
[White "Grinacz, Aba Samuel"]
[Black "Palotas, Peter"]
[Result "0-1"]
[WhiteElo "1471"]
[BlackElo "2018"]
[PlyCount "68"]
[EventDate "2012.09.16"]
[EventType "team-tourn"]
[EventRounds "11"]
[EventCountry "HUN"]
[SourceTitle "EXT 2014"]
[Source "ChessBase"]
[SourceDate "2013.11.20"]
[SourceVersion "1"]
[SourceVersionDate "2013.11.20"]
[SourceQuality "1"]
[WhiteTeam "Zoltek"]
[BlackTeam "Torokbalint"]
[WhiteTeamCountry "HUN"]
[BlackTeamCountry "HUN"]

1. e4 c5 2. Nf3 e6 3. d4 cxd4 4. Nxd4 a6 5. Nc3 Qc7 6. Be3 Bb4 7. Bd2 Nf6 8. Bd3 b5 9. 0-0 Bc5 10. Nf3 Nc6 11. Bg5 Bb7 12. Bxf6 gxf6 13. Re1 0-0-0 14. a3 Rhg8 15. b4 Bd6 16. g3 Ne5 17. Na2 f5 18. Nxe5 Bxe5 19. Rc1 f4 20. c4 Bc6 21. cxb5 axb5 22. Bxb5 fxg3 23. Bxc6 gxf2+ 24. Kxf2 Bg3+ 25. Ke2 Qf4 26. Bxd7+ Kb8 27. Qd4 Qg4+ 28. Kd3 Rxd7 29. Qxd7 Bxe1 30. Rxe1 Qf3+ 31. Kd2 Rg2+ 32. Kc1 Qxa3+ 33. Kd1 Qb3+ 34. Kc1 Qc2# 0-1

[Event "HUN-chT2 Breyer 1011"]
[Site "Hungary"]
[Date "2011.04.10"]
[Round "8.10"]
[White "Kiss, Istvan"]
[Black "Palotas, Peter"]
[Result "0-1"]
[WhiteElo "2148"]
[BlackElo "1998"]
[PlyCount "98"]
[EventDate "2010.09.12"]
[EventType "team-tourn"]
[EventRounds "11"]
[EventCountry "HUN"]
[SourceTitle "EXT 2012"]
[Source "ChessBase"]
[SourceDate "2011.11.24"]
[SourceVersion "1"]
[SourceVersionDate "2011.11.24"]
[SourceQuality "1"]
[WhiteTeam "Zoltek"]
[BlackTeam "Torokbalint"]
[WhiteTeamCountry "HUN"]
[BlackTeamCountry "HUN"]

1. e4 c5 2. g3 e6 3. Bg2 d6 4. Ne2 Nf6 5. 0-0 Be7 6. d3 Nc6 7. Nbc3 0-0 8. f4 Rb8 9. b3 a6 10. Bb2 Qc7 11. a4 b5 12. axb5 axb5 13. Kh1 b4 14. Nb1 Bb7 15. Ng1 Nd7 16. Nd2 Bf6 17. Bxf6 Nxf6 18. g4 Nd4 19. g5 Nd7 20. Ndf3 Ra8 21. Qd2 Nxf3 22. Nxf3 Rxa1 23. Rxa1 Ra8 24. Rxa8+ Bxa8 25. Ne1 Nb8 26. h4 g6 27. Bf3 h5 28. Bg2 Nc6 29. Nf3 Qa5 30. Kh2 Qa1 31. Ne1 Qb2 32. Qd1 Nd4 33. Kg3 Bc6 34. Bh3 Kg7 35. f5 exf5 36. exf5 Nxf5+ 37. Bxf5 Qe5+ 38. Kf2 Qxf5+ 39. Nf3 Qxf3+ 40. Qxf3 Bxf3 41. Kxf3 f5 42. Ke3 Kf7 43. d4 Ke6 44. Kd3 Kd5 45. c4+ bxc3 46. Kxc3 cxd4+ 47. Kd3 f4 48. b4 f3 49. b5 Kc5 0-1

[Event "HUN-chT2 Breyer 0910"]
[Site "Hungary"]
[Date "2010.03.21"]
[Round "8"]
[White "Palotas, Peter"]
[Black "Szalay, Tibor"]
[Result "1-0"]
[WhiteElo "1975"]
[BlackElo "1868"]
[PlyCount "83"]
[EventDate "2009.11.08"]
[EventType "team-tourn"]
[EventRounds "11"]
[EventCountry "HUN"]
[SourceTitle "EXT 2011"]
[Source "ChessBase"]
[SourceDate "2010.11.26"]
[SourceVersion "1"]
[SourceVersionDate "2010.11.26"]
[SourceQuality "1"]
[WhiteTeam "Torokbalint"]
[BlackTeam "BEAC II"]
[WhiteTeamCountry "HUN"]
[BlackTeamCountry "HUN"]

1. d4 Nf6 2. c4 g6 3. g3 Bg7 4. Bg2 0-0 5. Nf3 d6 6. Nc3 Nbd7 7. 0-0 e5 8. e4 exd4 9. Nxd4 Re8 10. h3 Nc5 11. Re1 a5 12. Rb1 Bd7 13. Kh2 h6 14. f3 c6 15. Be3 Ne6 16. Nde2 Qc7 17. Qd2 Kh7 18. Rbd1 Bf8 19. f4 Nc5 20. Bxc5 dxc5 21. e5 Ng4+ 22. hxg4 Bxg4 23. Ne4 Red8 24. Qc2 Bf5 25. Rxd8 Rxd8 26. Rd1 Kg7 27. Rd2 g5 28. Qd1 Rd7 29. Rxd7 Qxd7 30. Qxd7 Bxd7 31. fxg5 hxg5 32. Nxg5 Kg6 33. Ne4 Be6 34. b3 a4 35. Nd6 axb3 36. axb3 Bxd6 37. exd6 b5 38. Nf4+ Kf6 39. Nxe6 Kxe6 40. Bxc6 bxc4 41. d7 Ke7 42. bxc4 1-0

[Event "HUN-chT2 Breyer 0910"]
[Site "Hungary"]
[Date "2010.02.14"]
[Round "6"]
[White "Palotas, Peter"]
[Black "Deak, Balint"]
[Result "1-0"]
[WhiteElo "1975"]
[BlackElo "1872"]
[PlyCount "95"]
[EventDate "2009.11.08"]
[EventType "team-tourn"]
[EventRounds "11"]
[EventCountry "HUN"]
[SourceTitle "EXT 2011"]
[Source "ChessBase"]
[SourceDate "2010.11.26"]
[SourceVersion "1"]
[SourceVersionDate "2010.11.26"]
[SourceQuality "1"]
[WhiteTeam "Torokbalint"]
[BlackTeam "Honved II"]
[WhiteTeamCountry "HUN"]
[BlackTeamCountry "HUN"]

1. d4 d5 2. c4 c6 3. e3 Nf6 4. Nf3 e6 5. Nbd2 Nbd7 6. Bd3 dxc4 7. Nxc4 c5 8. 0-0 b5 9. Nce5 a6 10. Ng5 Nxe5 11. dxe5 Nd5 12. Nxh7 Be7 13. Qh5 g6 14. Bxg6 fxg6 15. Qxg6+ Kd7 16. e4 Bb7 17. exd5 Bxd5 18. Nf6+ Bxf6 19. Qxf6 Qxf6 20. exf6 Rhg8 21. f3 Rg6 22. Be3 Kd6 23. Rac1 c4 24. Bd4 e5 25. Bc3 Rxf6 26. Rf2 Re6 27. Rd1 Kc6 28. Rfd2 Rd8 29. Re1 Rde8 30. Rde2 e4 31. fxe4 Rxe4 32. Rxe4 Rxe4 33. Rxe4 Bxe4 34. Kf2 Kd5 35. g4 Ke6 36. Ke3 Bb1 37. a3 Kf7 38. Kf4 Kg6 39. h4 Bd3 40. h5+ Kh6 41. Kg3 Kg5 42. Ba5 Be2 43. Bd8+ Kh6 44. Kh4 Bf3 45. g5+ Kg7 46. g6 Kh6 47. Bg5+ Kg7 48. Be7 1-0

[Event "HUN-chT2 Erkel 0809"]
[Site "Hungary"]
[Date "2008.12.21"]
[Round "4.9"]
[White "Szabados, Gabor"]
[Black "Palotas, Peter"]
[Result "1/2-1/2"]
[WhiteElo "1940"]
[BlackElo "1975"]
[PlyCount "84"]
[EventDate "2008.10.26"]
[EventType "team-tourn"]
[EventRounds "11"]
[EventCountry "HUN"]
[SourceTitle "EXT 2010"]
[Source "ChessBase"]
[SourceDate "2010.11.25"]
[SourceVersion "1"]
[SourceVersionDate "2010.11.25"]
[SourceQuality "1"]
[WhiteTeam "MAFC"]
[BlackTeam "TTC"]
[WhiteTeamCountry "HUN"]
[BlackTeamCountry "HUN"]

1. d4 Nf6 2. c4 e6 3. Nf3 b6 4. Nc3 Bb7 5. e3 d5 6. cxd5 Nxd5 7. Qa4+ Qd7 8. Qxd7+ Nxd7 9. Bb5 c6 10. Nxd5 exd5 11. Bd3 Be7 12. 0-0 0-0 13. Bd2 c5 14. b3 Nf6 15. Rac1 Rfd8 16. Rfd1 Ne4 17. Be1 Rac8 18. dxc5 Bxc5 19. Nd4 Ba3 20. Rxc8 Rxc8 21. Bxe4 dxe4 22. Nb5 Rc1 23. Rxc1 Bxc1 24. Nxa7 Ba6 25. a4 Kf8 26. b4 Ke8 27. b5 Bb7 28. Bc3 Kd7 29. a5 bxa5 30. Bxa5 Ba3 31. Bc3 Bc5 32. Nc6 Bxc6 33. bxc6+ Kxc6 34. Bxg7 Kd5 35. Kf1 f5 36. Ke2 h5 37. f3 Bd6 38. h3 Bc5 39. g4 exf3+ 40. Kxf3 hxg4+ 41. hxg4 fxg4+ 42. Kxg4 Bxe3 1/2-1/2

[Event "Budapest FS12 FM-A"]
[Site "Budapest"]
[Date "2007.12.09"]
[Round "9"]
[White "Hocevar, Nikola"]
[Black "Palotas, Peter"]
[Result "1/2-1/2"]
[WhiteElo "2097"]
[BlackElo "2000"]
[PlyCount "60"]
[EventDate "2007.12.01"]
[EventType "tourn"]
[EventRounds "11"]
[EventCountry "HUN"]
[SourceTitle "CBM 121 Extra"]
[Source "ChessBase"]
[SourceDate "2008.01.10"]
[SourceVersion "1"]
[SourceVersionDate "2008.01.10"]
[SourceQuality "1"]

1. c4 c6 2. e4 d5 3. exd5 cxd5 4. d4 Nf6 5. Nc3 e6 6. Nf3 Bb4 7. Qb3 Nc6 8. Be2 Bxc3+ 9. bxc3 Na5 10. Qb4 Nxc4 11. Bxc4 dxc4 12. Ba3 Nd5 13. Qxc4 Qc7 14. Qxc7 Nxc7 15. c4 f6 16. Rb1 Kf7 17. Bd6 Ne8 18. Ba3 Nc7 19. Bd6 Ne8 20. Bg3 g5 21. h4 g4 22. Nd2 Ng7 23. Ne4 Nf5 24. Nd6+ Nxd6 25. Bxd6 Rd8 26. c5 b6 27. Ke2 Bb7 28. f3 gxf3+ 29. gxf3 Bd5 30. a3 Rac8 1/2-1/2

[Event "Budapest FS12 FM-A"]
[Site "Budapest"]
[Date "2007.12.06"]
[Round "6"]
[White "Palotas, Peter"]
[Black "Lorand, Norbert"]
[Result "0-1"]
[WhiteElo "2000"]
[BlackElo "2166"]
[PlyCount "80"]
[EventDate "2007.12.01"]
[EventType "tourn"]
[EventRounds "11"]
[EventCountry "HUN"]
[SourceTitle "CBM 121 Extra"]
[Source "ChessBase"]
[SourceDate "2008.01.10"]
[SourceVersion "1"]
[SourceVersionDate "2008.01.10"]
[SourceQuality "1"]

1. d4 Nf6 2. c4 g6 3. g3 Bg7 4. Bg2 0-0 5. Nf3 d6 6. Nc3 Nbd7 7. 0-0 e5 8. e4 c6 9. h3 Re8 10. Re1 exd4 11. Nxd4 Qb6 12. Be3 Qxb2 13. Na4 Qb4 14. Bd2 Qxc4 15. Bc3 Nc5 16. e5 Nxa4 17. exf6 Rxe1+ 18. Qxe1 Qxc3 19. Qxc3 Nxc3 20. fxg7 Kxg7 21. Re1 Kf8 22. Nxc6 bxc6 23. Bxc6 Rb8 24. Re8+ Kg7 25. Kh2 d5 26. Bd7 d4 27. Bxc8 d3 28. Rd8 Rxc8 29. Rxc8 d2 30. Rxc3 d1Q 31. a3 Qf1 32. Rf3 a5 33. h4 f5 34. h5 Kf6 35. g4 Ke5 36. hxg6 hxg6 37. gxf5 gxf5 38. a4 f4 39. Re3+ fxe3 40. f4+ Qxf4+ 0-1

[Event "HUN-chT2 Erkel 0708"]
[Site "Hungary"]
[Date "2007.10.14"]
[Round "1"]
[White "Palotas, Peter"]
[Black "Farsang, Peter"]
[Result "0-1"]
[WhiteElo "1938"]
[BlackElo "2011"]
[PlyCount "76"]
[EventDate "2007.10.14"]
[EventType "team"]
[EventRounds "11"]
[EventCountry "HUN"]
[SourceTitle "EXT 2009"]
[Source "ChessBase"]
[SourceDate "2008.11.26"]
[SourceVersion "1"]
[SourceVersionDate "2008.11.26"]
[SourceQuality "1"]
[WhiteTeam "BEAC II"]
[BlackTeam "Foti"]
[WhiteTeamCountry "HUN"]
[BlackTeamCountry "HUN"]

1. d4 Nf6 2. c4 g6 3. Nf3 Bg7 4. g3 0-0 5. Bg2 c5 6. 0-0 cxd4 7. Nxd4 Qb6 8. Nc3 Nc6 9. Ndb5 a6 10. Na4 Qd8 11. Nbc3 d6 12. Bf4 Nh5 13. Be3 Be6 14. c5 dxc5 15. Nxc5 Qc8 16. N3a4 Rd8 17. Qc1 Rb8 18. Nb6 Qc7 19. Nxe6 fxe6 20. Na4 Rdc8 21. Bh3 Kf7 22. Nc5 Nd8 23. Qc4 Qc6 24. Rad1 Nf6 25. Rxd8 Rxd8 26. Bxe6+ Kf8 27. Bg8 Nd5 28. Bxd5 Qxd5 29. Ne6+ Kg8 30. Qg4 Rd6 31. Ng5 Bh6 32. Nf7 Qxf7 33. Bxh6 Rbd8 34. e4 Qxa2 35. e5 Rd4 36. Qg5 Qe6 37. Rc1 Qh3 38. Qd2 Rxd2 0-1

[Event "Budapest FS09 FM-A"]
[Site "Budapest"]
[Date "2007.09.09"]
[Round "9"]
[White "Palotas, Peter"]
[Black "Nielsen, Jan Mose"]
[Result "0-1"]
[WhiteElo "1938"]
[BlackElo "2176"]
[PlyCount "110"]
[EventDate "2007.09.01"]
[EventType "tourn"]
[EventRounds "11"]
[EventCountry "HUN"]
[SourceTitle "EXT 2008"]
[Source "ChessBase"]
[SourceDate "2007.11.25"]
[SourceVersion "1"]
[SourceVersionDate "2007.11.25"]
[SourceQuality "1"]

1. d4 c5 2. dxc5 e6 3. Nf3 Bxc5 4. e3 b6 5. c4 Nf6 6. a3 Bb7 7. Be2 0-0 8. 0-0 Qc7 9. Nc3 a6 10. b4 Be7 11. Bb2 d6 12. Rc1 Nbd7 13. Nd2 Rac8 14. Nb3 Rfd8 15. Na4 Ne5 16. Nd4 Ned7 17. Rc2 Qb8 18. Bf3 Rc7 19. Bxb7 Qxb7 20. Qe2 Rdc8 21. Rfc1 Bf8 22. Ba1 Qe4 23. f3 Qg6 24. Nb3 h5 25. Bd4 Rc6 26. e4 h4 27. Nb2 Qh5 28. Nd3 Be7 29. e5 dxe5 30. Nxe5 Nxe5 31. Qxe5 Qg6 32. Qe2 Nh5 33. Be3 e5 34. c5 h3 35. Rc4 Qe6 36. a4 R6c7 37. g3 Nf6 38. b5 axb5 39. axb5 bxc5 40. Nxc5 Qb6 41. Nd7 Qxb5 42. Nxf6+ Bxf6 43. Rxc7 Qxe2 44. Rxc8+ Kh7 45. Bf2 Qxf3 46. Kf1 e4 47. Re1 Bd4 48. Rc2 Qg2+ 49. Ke2 Qxf2+ 50. Kd1 Qf3+ 51. Kc1 Bf2 52. Ree2 e3 53. Kb2 Qg2 54. Kc3 Qxh2 55. Rxe3 Qg1 0-1

[Event "Budapest FS09 FM-A"]
[Site "Budapest"]
[Date "2007.09.08"]
[Round "8"]
[White "Mayer, Istvan"]
[Black "Palotas, Peter"]
[Result "0-1"]
[WhiteElo "2141"]
[BlackElo "1938"]
[PlyCount "108"]
[EventDate "2007.09.01"]
[EventType "tourn"]
[EventRounds "11"]
[EventCountry "HUN"]
[SourceTitle "EXT 2008"]
[Source "ChessBase"]
[SourceDate "2007.11.25"]
[SourceVersion "1"]
[SourceVersionDate "2007.11.25"]
[SourceQuality "1"]

1. e4 c5 2. Nf3 e6 3. c3 d5 4. e5 d4 5. cxd4 cxd4 6. Bc4 Nc6 7. 0-0 Nge7 8. Re1 Ng6 9. d3 Be7 10. Na3 0-0 11. Nc2 a6 12. a4 b6 13. Re4 Bb7 14. h4 Nxh4 15. Nxh4 Bxh4 16. Qg4 f5 17. exf6 Bxf6 18. Bd2 Kh8 19. Bxe6 Ne5 20. Rxe5 Bxe5 21. Re1 Qf6 22. Re2 Bc8 23. Bxc8 Raxc8 24. Ne1 Rce8 25. Nf3 Bd6 26. Re4 Rxe4 27. Qxe4 Bf4 28. Bb4 Rc8 29. g4 Qf7 30. Qxd4 Rc1+ 31. Kg2 Rc8 32. Bc3 Rf8 33. Nh4 Bg5 34. Nf5 Bf6 35. Qd6 Bxc3 36. bxc3 Qf6 37. Qxf6 Rxf6 38. c4 g6 39. Ne3 Rf4 40. Kf1 Kg7 41. Ke2 Rf8 42. Nd5 Rb8 43. Kd2 Kf7 44. Kc3 h5 45. f3 h4 46. Nf4 g5 47. Nh3 Kg6 48. d4 Rf8 49. f4 gxf4 50. Kd3 f3 51. Ke3 Rc8 52. Nf4+ Kg5 53. c5 bxc5 54. dxc5 Kxg4 0-1

[Event "Balatonalmadi Pannonia Cup 12th"]
[Site "Balatonalmadi"]
[Date "2007.08.05"]
[Round "7"]
[White "Hitter, Gabriela"]
[Black "Palotas, Peter"]
[Result "1-0"]
[WhiteElo "2083"]
[BlackElo "1938"]
[PlyCount "69"]
[EventDate "2007.08.01"]
[EventType "swiss"]
[EventRounds "7"]
[EventCountry "HUN"]
[SourceTitle "EXT 2016"]
[Source "ChessBase"]
[SourceDate "2015.10.08"]
[SourceVersion "1"]
[SourceVersionDate "2015.10.08"]
[SourceQuality "1"]

1. e4 c5 2. Nf3 e6 3. d4 cxd4 4. Nxd4 a6 5. Bd3 Nf6 6. 0-0 Qc7 7. Qe2 d6 8. c4 Nbd7 9. Nc3 b6 10. Nf3 Be7 11. Rd1 Bb7 12. Bf4 Ne5 13. Nxe5 dxe5 14. Be3 0-0 15. Rac1 Nd7 16. Bb1 Rac8 17. Qg4 Rfd8 18. Qh3 Nb8 19. Rf1 Nc6 20. Kh1 Nd4 21. f4 Bf6 22. f5 exf5 23. exf5 Qd7 24. Be4 Bxe4 25. Nxe4 Be7 26. Qh5 Rc6 27. Rf2 f6 28. b3 Bc5 29. Rb1 Qe8 30. Qg4 a5 31. h4 Qf8 32. h5 Ne6 33. fxe6 Bxe3 34. Rxf6 Qe8 35. Rf7 1-0

[Event "Balatonalmadi Pannonia Cup 12th"]
[Site "Balatonalmadi"]
[Date "2007.08.01"]
[Round "1"]
[White "Palotas, Peter"]
[Black "Varga, David"]
[Result "0-1"]
[WhiteElo "1938"]
[BlackElo "2257"]
[PlyCount "52"]
[EventDate "2007.08.01"]
[EventType "swiss"]
[EventRounds "7"]
[EventCountry "HUN"]
[SourceTitle "EXT 2016"]
[Source "ChessBase"]
[SourceDate "2015.10.08"]
[SourceVersion "1"]
[SourceVersionDate "2015.10.08"]
[SourceQuality "1"]

1. d4 Nf6 2. c4 e6 3. Nf3 b6 4. g3 Ba6 5. Nbd2 d5 6. Ne5 Bd6 7. Bg2 0-0 8. e4 c5 9. exd5 exd5 10. Ndf3 dxc4 11. Be3 Nd5 12. dxc5 Bxc5 13. Bxc5 bxc5 14. Qd2 f6 15. 0-0-0 c3 16. bxc3 fxe5 17. Ng5 Bc4 18. Ne6 Qa5 19. Bxd5 Bxd5 20. Qxd5 Qxc3+ 21. Kb1 Nc6 22. Nc7+ Kh8 23. Nb5 Rab8 24. a4 Rxf2 25. Qd8+ Nxd8 26. Rxd8+ Rxd8 0-1

[Event "Budapest FS06 FM-B"]
[Site "Budapest"]
[Date "2007.06.11"]
[Round "10"]
[White "List, Andre"]
[Black "Palotas, Peter"]
[Result "0-1"]
[WhiteElo "1984"]
[BlackElo "1892"]
[PlyCount "108"]
[EventDate "2007.06.02"]
[EventType "tourn"]
[EventRounds "11"]
[EventCountry "HUN"]
[SourceTitle "CBM 118 Extra"]
[Source "ChessBase"]
[SourceDate "2007.07.04"]
[SourceVersion "1"]
[SourceVersionDate "2007.07.04"]
[SourceQuality "1"]

1. d4 Nf6 2. c4 e6 3. Nf3 b6 4. g3 Bb7 5. Bg2 Be7 6. 0-0 0-0 7. Nc3 Ne4 8. Qc2 Nxc3 9. Qxc3 c5 10. Rd1 d6 11. a3 Nc6 12. e3 Qc7 13. Qc2 Bf6 14. b3 Rac8 15. Bb2 Qb8 16. Bc3 Ne7 17. e4 cxd4 18. Nxd4 d5 19. exd5 exd5 20. Nb5 Bxc3 21. Qxc3 a6 22. Nd4 dxc4 23. Bxb7 Qxb7 24. bxc4 Qc7 25. Rac1 Rfd8 26. Re1 Ng6 27. Nb3 a5 28. c5 a4 29. Nd2 Qxc5 30. Qb2 Qa5 31. Rxc8 Rxc8 32. Re4 Rd8 33. Rb4 Qd5 34. Ne4 Ne5 35. Qe2 f5 36. Rb5 Qd1+ 37. Qxd1 Rxd1+ 38. Kg2 fxe4 39. Rxe5 Rd4 40. Rb5 e3 41. fxe3 Rd3 42. Kf3 Rb3 43. Rd5 Rxa3 44. Kf4 Rb3 45. e4 a3 46. Rd8+ Kf7 47. Rd7+ Kf8 48. Ra7 b5 49. e5 g6 50. e6 Rb4+ 51. Ke5 Ra4 52. Rxh7 a2 53. e7+ Ke8 54. Rh8+ Kxe7 0-1

[Event "Budapest FS06 FM-B"]
[Site "Budapest"]
[Date "2007.06.09"]
[Round "8"]
[White "Zoltan, Andras"]
[Black "Palotas, Peter"]
[Result "1/2-1/2"]
[WhiteElo "2030"]
[BlackElo "1892"]
[PlyCount "65"]
[EventDate "2007.06.02"]
[EventType "tourn"]
[EventRounds "11"]
[EventCountry "HUN"]
[SourceTitle "CBM 118 Extra"]
[Source "ChessBase"]
[SourceDate "2007.07.04"]
[SourceVersion "1"]
[SourceVersionDate "2007.07.04"]
[SourceQuality "1"]

1. e4 c5 2. Nf3 a6 3. c3 d5 4. exd5 Qxd5 5. d4 e6 6. Be2 Nc6 7. 0-0 cxd4 8. Nxd4 Nxd4 9. cxd4 Nf6 10. Nc3 Qd8 11. Bf3 Bd6 12. Bg5 0-0 13. Ne4 Be7 14. Nc5 Rb8 15. Bf4 Bd6 16. Be5 b6 17. Ne4 Nxe4 18. Bxe4 Bb7 19. Qg4 Bxe5 20. dxe5 Bxe4 21. Qxe4 Qe7 22. Rfd1 Rfd8 23. h3 g6 24. Qe2 b5 25. Rxd8+ Rxd8 26. Rd1 Rd7 27. Qf3 Rxd1+ 28. Qxd1 Qc7 29. f4 Qc5+ 30. Kh2 Qf2 31. Qd8+ Kg7 32. Qf6+ Kg8 33. Qd8+ 1/2-1/2

[Event "Budapest FS06 FM-B"]
[Site "Budapest"]
[Date "2007.06.04"]
[Round "3"]
[White "Palotas, Peter"]
[Black "Pilis, Peter"]
[Result "1-0"]
[WhiteElo "1892"]
[BlackElo "1866"]
[PlyCount "115"]
[EventDate "2007.06.02"]
[EventType "tourn"]
[EventRounds "11"]
[EventCountry "HUN"]
[SourceTitle "CBM 118 Extra"]
[Source "ChessBase"]
[SourceDate "2007.07.04"]
[SourceVersion "1"]
[SourceVersionDate "2007.07.04"]
[SourceQuality "1"]

1. d4 d5 2. c4 e6 3. Nf3 c5 4. cxd5 cxd4 5. dxe6 Bxe6 6. Qxd4 Nc6 7. Qxd8+ Rxd8 8. Bg5 f6 9. Bd2 Bd6 10. Nc3 Nb4 11. Kd1 Bc5 12. a3 Bb3+ 13. Kc1 Nc6 14. e3 a6 15. Be2 Nh6 16. h3 Nf7 17. Bd1 Bc4 18. b4 Be7 19. Be2 Bxe2 20. Nxe2 Nce5 21. Nxe5 Nxe5 22. Rf1 Nd3+ 23. Kc2 Kf7 24. Nd4 Ne5 25. Nf5 Nc4 26. Bc3 Rd7 27. Nxe7 Kxe7 28. a4 Rc8 29. Rfd1 Rdc7 30. Kd3 Ke6 31. Bd4 Ne5+ 32. Ke2 Rc2+ 33. Rd2 R8c4 34. Bxe5 fxe5 35. Rb1 b5 36. a5 h5 37. g3 g5 38. f3 g4 39. hxg4 hxg4 40. f4 exf4 41. gxf4 Kf5 42. Rh1 Ke4 43. Rh6 Rxd2+ 44. Kxd2 Rxb4 45. Rxa6 Ra4 46. Rg6 b4 47. Rxg4 Ra2+ 48. Kc1 Rxa5 49. Rg3 Ra2 50. Kb1 Rh2 51. Kc1 Rf2 52. Kb1 Kd3 53. Ka1 Kc2 54. Rg1 b3 55. Rb1 Re2 56. Rb2+ Kd3 57. Rxe2 Kxe2 58. f5 1-0